000 00199 a2200097 4500
020 _a9789706074935
041 _aspa
100 _aLarousse
245 _aDiccionario pocket espaoÌšl ingles
942 _cK
999 _c27660
_d27660